000
00308nam a2200145Ia 4500
100
_a
Naughton Patrick
942
_c
BK
654
_a
Computer
245
_a
Java Handbook
260
_b
Tata Mc Graw hill
_a
New Delhi
_c
1996
082
_a
005.133 J
_b
NAU
300
_a
424
546
_a
ENGLISH
999
_c
18462
_d
18462